| 000 | 00401nam a22001697a 4500 | ||
|---|---|---|---|
| 005 | 20160618152218.0 | ||
| 008 | 160618b xxu||||| |||| 00| 0 eng d | ||
| 020 | _a81-7929-055-7 | ||
| 041 | _aeng | ||
| 082 | _b8194 | ||
| 100 |
_aSteward, Chris _91923 |
||
| 245 | _aHow to Develop strategic alliances | ||
| 260 |
_bInfinity Book _c2003 |
||
| 300 | _a192 | ||
| 650 |
_aManagement _9241 |
||
| 942 | _cBK | ||
| 999 |
_c3148 _d3147 |
||